00401nam a22001577a 450000500170000001000150001702000220003203500130005403700130006708200120008010000160009224500420010826000340015027000370018430000220022120100821113250.0 aENG-101186 a818615283c150.00 aEN-84719 bDBAD/PUB a154.634 aWagh, B. G. aDreams and realities /cby B. G. Wagh aPunebSuvidya Prakashanc2009 a149, Shaniwar PethbPunee411030 a135p.c25cm (pbk)